Hospital and Clinical Pharmacy / (Record no. 36452)

MARC details
000 -LEADER
fixed length control field 00519nam a22001817a 4500
005 - DATE AND TIME OF LATEST TRANSACTION
control field 20240823094841.0
008 - FIXED-LENGTH DATA ELEMENTS--GENERAL INFORMATION
fixed length control field 240823b |||||||| |||| 00| 0 eng d
020 ## - INTERNATIONAL STANDARD BOOK NUMBER
ISBN 8123905661
082 ## - DEWEY DECIMAL CLASSIFICATION NUMBER
Classification number 612
Item number ANE-H
100 ## - MAIN ENTRY--AUTHOR
Author Name Anees Ahmad Siddique
245 ## - TITLE STATEMENT
Title Hospital and Clinical Pharmacy /
Statement of responsibility, etc. Anees Ahmad Siddique, Muhammad Ali
260 ## - PUBLICATION, DISTRIBUTION, ETC.
Place of Publication Pakistan :
Name of publisher, distributor, etc. CBS ;
Date of publication, distribution, etc. 2012
300 ## - PHYSICAL DESCRIPTION
Pages VI185p.
500 ## - GENERAL NOTE
General note include index .
650 ## - SUBJECT ADDED ENTRY--TOPICAL TERM
Subject / Department Pharmacy / hospital Pharamcy
700 ## - ADDED ENTRY--PERSONAL NAME
Personal name Muhammad Ali
300 ## - PHYSICAL DESCRIPTION
-- ill;
-- 23 cm.
952 ## - LOCATION AND ITEM INFORMATION (KOHA)
-- 0
-- 0
952 ## - LOCATION AND ITEM INFORMATION (KOHA)
-- 0
-- 0
952 ## - LOCATION AND ITEM INFORMATION (KOHA)
-- 0
-- 0
Holdings
Lost status Damaged status Collection code Permanent Location Current Location Shelving Location Date acquired Full Call Number Accession No./Barcode Date last seen Copy number item type Koha item type
    Pharmacy Superior Information Resource Center (SIRC) Superior University- Main Campus Superior Information Resource Center (SIRC) Superior University- Main Campus Hospital Pharmacy 08/23/2024 612 ANE-H 2012 10063 08/23/2024 1 BOOK BOOK
    Pharmacy Superior Information Resource Center (SIRC) Superior University- Main Campus Superior Information Resource Center (SIRC) Superior University- Main Campus Hospital Pharmacy 08/23/2024 612 ANE-H 2012 10064 08/23/2024 2 BOOK BOOK
    Pharmacy Superior Information Resource Center (SIRC) Superior University- Main Campus Superior Information Resource Center (SIRC) Superior University- Main Campus Hospital Pharmacy 08/23/2024 612 ANE-H 2012 4465 08/23/2024 3 BOOK BOOK

Powered by Koha